000 00299nam a22001337a 4500
008 170619b xxu||||| |||| 00| 0 eng d
020 _a9780801860928
041 _aeng
080 _a328
100 _a20
101 _aSHP
245 _aGOOD GOVERNMENT IN THE TROPICS
_cTENDLER,J
942 _2udc
_cBK
999 _c18120
_d18120